000 00787na a2200253 4500
001 24308
003 MIRAKIL
005 20181213155334.0
008 180911b tu 000 0
020 _a9786052451656
040 _aMilas
_btur
_cTR-AnCHP
041 _atur
082 _aCHP 320.9561
_bA92k 2018
090 _aCHP 320.9561 A92k 2018
100 _aAydın, Erkan
_cCHP Milletvekili
245 _aKaranlık bulutlar altında
_cErkan Aydın
260 _aAnkara
_b[yayl.y.]
_c2018
_fRota ofset
300 _a94 s.
_c21 sm.
500 _aYapıt yazarından imzalıdır.
600 _aAydın, Erkan
_cMilletvekili
_xSöylev ve demeçler
_y2015-2017
610 _aCHP
_xMilletvekilleri
_xKonuşmalar, 2015-2017
650 _aSiyaset ve yönetim
_xTürkiye
942 _2ddc
_cBKS
999 _c10804
_d10804